[Event "Bundesliga 9900"]
[Site "Deutschland"]
[Date "2000.04.08"]
[Round "14.1"]
[White "Schlosser, Philipp"]
[Black "Agdestein, Simen"]
[Result "1/2-1/2"]
[WhiteElo "2512"]
[BlackElo "2580"]
[PlyCount "77"]
[EventDate "1999.10.09"]
[EventType "team"]
[EventRounds "15"]
[EventCountry "GER"]
[SourceTitle "Bundesliga 9900"]
[Source "DeepChess"]
[SourceDate "2005.01.01"]
[SourceVersion "1"]
[SourceVersionDate "2005.01.01"]
[SourceQuality "1"]
[WhiteTeam "SK Passau 1869"]
[BlackTeam "Delmenhorster SK 1931"]
[WhiteTeamCountry "GER"]
[BlackTeamCountry "GER"]

1. d4 d5 2. c4 c6 3. Nc3 Nf6 4. e3 a6 5. Qc2 g6 6. Bd3 Bg7 7. Nf3 Bg4 8. Ne5
Be6 9. O-O Nbd7 10. Nxd7 Nxd7 11. b3 O-O 12. a4 f5 13. Ba3 Bf7 14. Rac1 Rc8 15.
cxd5 cxd5 16. Qd2 Bf6 17. Be2 Re8 18. Rc2 Nb8 19. Rfc1 Nc6 20. b4 f4 21. b5
fxe3 22. fxe3 axb5 23. axb5 Na7 24. Na4 Rxc2 25. Rxc2 Nc8 26. Nb2 Nd6 27. Bxd6
Qxd6 28. Nd3 Ra8 29. g3 Be8 30. Nf4 Bd7 31. Nxd5 Bg5 32. Nf4 Kg7 33. Rc5 Ra1+
34. Kf2 Bxf4 35. exf4 Ra4 36. Re5 Rxd4 37. Rxe7+ Kf8 38. Qe3 Rxf4+ 39. gxf4
1/2-1/2

[Event "Bundesliga 9900"]
[Site "Deutschland"]
[Date "2000.04.08"]
[Round "14.2"]
[White "Rogers, Ian"]
[Black "Ribli, Zoltan"]
[Result "1/2-1/2"]
[WhiteElo "2574"]
[BlackElo "2586"]
[PlyCount "32"]
[EventDate "1999.10.09"]
[EventType "team"]
[EventRounds "15"]
[EventCountry "GER"]
[SourceTitle "Bundesliga 9900"]
[Source "DeepChess"]
[SourceDate "2005.01.01"]
[SourceVersion "1"]
[SourceVersionDate "2005.01.01"]
[SourceQuality "1"]
[WhiteTeam "Delmenhorster SK 1931"]
[BlackTeam "SK Passau 1869"]
[WhiteTeamCountry "GER"]
[BlackTeamCountry "GER"]

1. d4 d5 2. c4 c6 3. Nf3 Nf6 4. Nc3 dxc4 5. a4 Bf5 6. e3 e6 7. Bxc4 Bb4 8. O-O
O-O 9. Qe2 Bg6 10. Ne5 Nbd7 11. Nxg6 hxg6 12. Rd1 Qa5 13. Bd2 Rad8 14. Na2 Bxd2
15. Qxd2 Qxd2 16. Rxd2 c5 1/2-1/2

[Event "Bundesliga 9900"]
[Site "Deutschland"]
[Date "2000.04.08"]
[Round "14.3"]
[White "Wells, Peter K"]
[Black "Hodgson, Julian M"]
[Result "1/2-1/2"]
[WhiteElo "2476"]
[BlackElo "2605"]
[PlyCount "70"]
[EventDate "1999.10.09"]
[EventType "team"]
[EventRounds "15"]
[EventCountry "GER"]
[SourceTitle "Bundesliga 9900"]
[Source "DeepChess"]
[SourceDate "2005.01.01"]
[SourceVersion "1"]
[SourceVersionDate "2005.01.01"]
[SourceQuality "1"]
[WhiteTeam "SK Passau 1869"]
[BlackTeam "Delmenhorster SK 1931"]
[WhiteTeamCountry "GER"]
[BlackTeamCountry "GER"]

1. d4 d5 2. c4 c6 3. Nc3 Nf6 4. e3 a6 5. Qc2 g6 6. Bd3 Bg7 7. Nf3 O-O 8. O-O
Bg4 9. Ne5 Be6 10. b3 c5 11. cxd5 Nxd5 12. Nxd5 Bxd5 13. Bb2 cxd4 14. Bxd4 Bxg2
15. Kxg2 Bxe5 16. Bxe5 Qd5+ 17. Be4 Qxe5 18. Bxb7 Ra7 19. Qe4 Qg5+ 20. Kh1 Nd7
21. Rac1 Nf6 22. Qg2 Qb5 23. Bf3 Qa5 24. Rc2 Rc7 25. Rxc7 Qxc7 26. Be2 Qc2 27.
Bxa6 Qxa2 28. Bc4 Rd8 29. Qb7 Kf8 30. Kg1 Qa5 31. Qb5 Qxb5 32. Bxb5 Ne4 33. Bc6
Nd2 34. Rd1 Rd6 35. b4 Rxc6 1/2-1/2

[Event "Bundesliga 9900"]
[Site "Deutschland"]
[Date "2000.04.08"]
[Round "14.4"]
[White "Baburin, Alexander"]
[Black "Enders, Peter"]
[Result "1/2-1/2"]
[WhiteElo "2593"]
[BlackElo "2493"]
[PlyCount "185"]
[EventDate "1999.10.09"]
[EventType "team"]
[EventRounds "15"]
[EventCountry "GER"]
[SourceTitle "Bundesliga 9900"]
[Source "DeepChess"]
[SourceDate "2005.01.01"]
[SourceVersion "1"]
[SourceVersionDate "2005.01.01"]
[SourceQuality "1"]
[WhiteTeam "Delmenhorster SK 1931"]
[BlackTeam "SK Passau 1869"]
[WhiteTeamCountry "GER"]
[BlackTeamCountry "GER"]

1. d4 Nf6 2. c4 g6 3. Nf3 Bg7 4. g3 O-O 5. Bg2 d5 6. O-O c6 7. cxd5 Nxd5 8. e4
Nb6 9. h3 N8d7 10. Nc3 e5 11. Bg5 Qe8 12. d5 h6 13. Be3 cxd5 14. Nxd5 Nxd5 15.
Qxd5 Nf6 16. Qxe5 Nxe4 17. Qc7 f5 18. Rad1 Rf7 19. Qc1 Kh7 20. Bd4 Be6 21. Bxg7
Rxg7 22. Nd4 Bg8 23. Qf4 Qb8 24. Qe3 a5 25. a3 Nd6 26. Ne6 Nc4 27. Qe2 Qe8 28.
Qxc4 Bxe6 29. Qd4 Qb5 30. Rfe1 Bg8 31. Re5 Qc4 32. Qxc4 Bxc4 33. Rc1 Ba2 34.
Rb5 Ra7 35. h4 a4 36. Rc8 g5 37. hxg5 hxg5 38. Rb8 Bb1 39. R8xb7 Raxb7 40. Rxb7
Rxb7 41. Bxb7 f4 42. gxf4 gxf4 43. Bc6 Bc2 44. Kf1 Bb3 45. Ke2 Kg6 46. Kd3 Kg5
47. Bd7 Kf6 48. Ke4 Kg5 49. Ke5 Bd1 50. Kd4 Kf6 51. Ke4 Kg5 52. Ke5 Bb3 53. Kd4
Kf6 54. Kc5 Ke5 55. Bc6 Kf5 56. Bf3 Ke5 57. Bc6 Kf5 58. Bd5 Bd1 59. Kd4 Kf6 60.
Bc6 Kf5 61. Bd7+ Kf6 62. Kc3 Ke5 63. Bc6 Kd6 64. Be8 Ke5 65. b4 axb3 66. a4 Kd6
67. a5 Kc5 68. Bd7 b2 69. Kxb2 Kb4 70. a6 Ka5 71. Bc8 Kb6 72. Kc3 f3 73. Kd2
Be2 74. Ke3 Ka7 75. Bb7 Kb6 76. Kf4 Ka7 77. Ke4 Kb6 78. Ke3 Ka7 79. Ke4 Kb6 80.
Kf4 Ka7 81. Bxf3 Bxa6 82. Ke5 Kb8 83. Kd6 Kc8 84. Ke7 Kc7 85. Be4 Be2 86. f4
Bg4 87. Bd5 Bf5 88. Be6 Bd3 89. Bf7 Be4 90. Kf6 Kd6 91. Bg6 Bd5 92. Kg7 Be6 93.
f5 1/2-1/2

[Event "Bundesliga 9900"]
[Site "Deutschland"]
[Date "2000.04.08"]
[Round "14.5"]
[White "Klebel, Martin"]
[Black "Brenninkmeijer, Joris"]
[Result "1-0"]
[WhiteElo "2403"]
[BlackElo "2499"]
[PlyCount "107"]
[EventDate "1999.10.09"]
[EventType "team"]
[EventRounds "15"]
[EventCountry "GER"]
[SourceTitle "Bundesliga 9900"]
[Source "DeepChess"]
[SourceDate "2005.01.01"]
[SourceVersion "1"]
[SourceVersionDate "2005.01.01"]
[SourceQuality "1"]
[WhiteTeam "SK Passau 1869"]
[BlackTeam "Delmenhorster SK 1931"]
[WhiteTeamCountry "GER"]
[BlackTeamCountry "GER"]

1. d4 Nf6 2. c4 e6 3. Nf3 b6 4. a3 Ba6 5. Qc2 Bb7 6. Nc3 c5 7. e4 cxd4 8. Nxd4
Bc5 9. Nb3 Nc6 10. Bg5 h6 11. Bh4 Nd4 12. Nxd4 Bxd4 13. Bd3 Qb8 14. Bg3 Be5 15.
O-O-O O-O 16. Kb1 Rc8 17. Rhe1 d6 18. f4 Bxc3 19. Qxc3 b5 20. e5 Nd5 21. Qd4
bxc4 22. Bxc4 dxe5 23. Rxe5 Rd8 24. f5 Nb6 25. Rd5 Bxd5 26. Bxb8 Nxc4 27. Bc7
Rd7 28. fxe6 Bxe6 29. Qxd7 Bxd7 30. Rxd7 Re8 31. Rd4 Ne3 32. g4 Rc8 33. Bg3 Rc6
34. Bf2 Nf1 35. Bg1 Re6 36. Rd1 Ne3 37. Bxe3 Rxe3 38. Rd8+ Kh7 39. Rd7 h5 40.
gxh5 f5 41. Rxa7 Rh3 42. Ra5 Rxh5 43. h4 Rxh4 44. Rxf5 Kh6 45. b4 g5 46. Kb2 g4
47. Kb3 g3 48. Rf1 g2 49. Rg1 Rg4 50. a4 Kg6 51. a5 Kf6 52. a6 Rg8 53. b5 Ke6
54. a7 1-0

[Event "Bundesliga 9900"]
[Site "Deutschland"]
[Date "2000.04.08"]
[Round "14.6"]
[White "Gisbrecht, Ewgeni"]
[Black "Renner, Christoph"]
[Result "1-0"]
[WhiteElo "2422"]
[BlackElo "2448"]
[PlyCount "83"]
[EventDate "1999.10.09"]
[EventType "team"]
[EventRounds "15"]
[EventCountry "GER"]
[SourceTitle "Bundesliga 9900"]
[Source "DeepChess"]
[SourceDate "2005.01.01"]
[SourceVersion "1"]
[SourceVersionDate "2005.01.01"]
[SourceQuality "1"]
[WhiteTeam "Delmenhorster SK 1931"]
[BlackTeam "SK Passau 1869"]
[WhiteTeamCountry "GER"]
[BlackTeamCountry "GER"]

1. Nf3 d6 2. d4 f5 3. c4 g6 4. Nc3 Nf6 5. g3 Bg7 6. Bg2 O-O 7. O-O c6 8. d5 e5
9. dxe6 Bxe6 10. Qd3 Re8 11. b3 Ne4 12. Bb2 Na6 13. Qc2 d5 14. Nxe4 dxe4 15.
Rfd1 Nb4 16. Qc1 Qxd1+ 17. Qxd1 Bxb2 18. Rb1 Rad8 19. Qe1 Nc2 20. Qa5 exf3 21.
Bxf3 Bf6 22. e3 Rd7 23. Rc1 Na1 24. Qe1 Red8 25. Rxa1 Bxa1 26. Qxa1 Rd2 27. h4
h5 28. Qf6 Bf7 29. Bd5 R8xd5 30. cxd5 Rd1+ 31. Kh2 Rxd5 32. Qc3 Rd1 33. Kg2
Bd5+ 34. f3 Kf7 35. Qb4 b6 36. e4 fxe4 37. fxe4 c5 38. Qa4 Bb7 39. Qxa7 Rd7 40.
Kf2 Re7 41. Qxb6 Bxe4 42. Qxc5 1-0

[Event "Bundesliga 9900"]
[Site "Deutschland"]
[Date "2000.04.08"]
[Round "14.7"]
[White "Pichler, Juergen"]
[Black "Breutigam, Martin"]
[Result "0-1"]
[WhiteElo "2412"]
[BlackElo "2343"]
[PlyCount "50"]
[EventDate "1999.10.09"]
[EventType "team"]
[EventRounds "15"]
[EventCountry "GER"]
[SourceTitle "Bundesliga 9900"]
[Source "DeepChess"]
[SourceDate "2005.01.01"]
[SourceVersion "1"]
[SourceVersionDate "2005.01.01"]
[SourceQuality "1"]
[WhiteTeam "SK Passau 1869"]
[BlackTeam "Delmenhorster SK 1931"]
[WhiteTeamCountry "GER"]
[BlackTeamCountry "GER"]

1. d4 d5 2. Nf3 Nc6 3. Bf4 Bg4 4. e3 e6 5. c4 Bd6 6. Bg3 Nf6 7. Nc3 O-O 8. Be2
dxc4 9. Bxc4 a6 10. Be2 Bxg3 11. hxg3 Qd6 12. O-O Rad8 13. Qb3 b5 14. Rfd1 Na5
15. Qc2 c5 16. a3 c4 17. Re1 Bxf3 18. gxf3 Nb3 19. Rad1 e5 20. dxe5 Qxe5 21. f4
Qe7 22. a4 Qb7 23. axb5 axb5 24. Nxb5 Qxb5 25. Bxc4 Rc8 0-1

[Event "Bundesliga 9900"]
[Site "Deutschland"]
[Date "2000.04.08"]
[Round "14.8"]
[White "Wesseln, Kai"]
[Black "Gross, David2"]
[Result "0-1"]
[WhiteElo "2356"]
[BlackElo "2425"]
[PlyCount "102"]
[EventDate "1999.10.09"]
[EventType "team"]
[EventRounds "15"]
[EventCountry "GER"]
[SourceTitle "Bundesliga 9900"]
[Source "DeepChess"]
[SourceDate "2005.01.01"]
[SourceVersion "1"]
[SourceVersionDate "2005.01.01"]
[SourceQuality "1"]
[WhiteTeam "Delmenhorster SK 1931"]
[BlackTeam "SK Passau 1869"]
[WhiteTeamCountry "GER"]
[BlackTeamCountry "GER"]

1. d4 Nf6 2. Nf3 g6 3. e3 Bg7 4. Be2 O-O 5. c4 d6 6. Nc3 Nbd7 7. O-O e5 8. b4
a5 9. b5 exd4 10. exd4 Nb6 11. Be3 Be6 12. Nd2 h6 13. Rc1 Nh7 14. d5 Bc8 15. c5
dxc5 16. Bxc5 Re8 17. Nc4 Nxc4 18. Bxc4 Nf6 19. Qb3 Nd7 20. Be3 Ne5 21. b6 Nxc4
22. bxc7 Qh4 23. Qa4 Bf5 24. d6 Be5 25. g3 Qg4 26. h3 Qxh3 27. Qxc4 Bxg3 28.
fxg3 Qxg3+ 29. Kh1 Qh3+ 30. Kg1 Rxe3 31. Ne2 Re4 32. Qb3 Rg4+ 33. Kf2 Rg2+ 34.
Ke1 Rxe2+ 35. Kxe2 Re8+ 36. Kd2 Qg2+ 37. Kc3 Re3+ 38. Kd4 Qe4+ 39. Kc5 Qc6+ 40.
Kd4 Qe4+ 41. Kc5 Rxb3 42. axb3 Bd7 43. Kb6 Qd4+ 44. Kxa5 Qa7+ 45. Kb4 Qb6+ 46.
Ka3 Qxd6+ 47. Kb2 Bc8 48. Rfd1 Qe5+ 49. Ka3 Kg7 50. Kb4 h5 51. Rc5 Qe6 0-1

[Event "Bundesliga 9900"]
[Site "Deutschland"]
[Date "2000.04.08"]
[Round "14.1"]
[White "Tischbierek, Raj"]
[Black "Jussupow, Artur"]
[Result "1/2-1/2"]
[WhiteElo "2544"]
[BlackElo "2636"]
[PlyCount "114"]
[EventDate "1999.10.09"]
[EventType "team"]
[EventRounds "15"]
[EventCountry "GER"]
[SourceTitle "Bundesliga 9900"]
[Source "DeepChess"]
[SourceDate "2005.01.01"]
[SourceVersion "1"]
[SourceVersionDate "2005.01.01"]
[SourceQuality "1"]
[WhiteTeam "Dresdner SC 1898"]
[BlackTeam "SG 1868 Aljech. Solingen"]
[WhiteTeamCountry "GER"]
[BlackTeamCountry "GER"]

1. g3 d5 2. Bg2 c6 3. Nf3 Bg4 4. c4 e6 5. d4 Nd7 6. O-O Bd6 7. Qb3 Rb8 8. Nc3
Ngf6 9. e4 Nxe4 10. Nxe4 dxe4 11. Ng5 Nf6 12. Nxe4 Nxe4 13. Bxe4 O-O 14. Bg2
Qa5 15. c5 Bc7 16. Be3 Be2 17. Rfe1 Qb5 18. Qa3 a5 19. b3 Bd3 20. Qb2 a4 21.
Red1 axb3 22. axb3 Ra8 23. Ra2 h6 24. Rda1 Rxa2 25. Rxa2 Ba5 26. h4 Rd8 27. Qa1
b6 28. Ra3 Bf5 29. Bf1 Qb4 30. Bc4 b5 31. Bf1 Bc7 32. Ra7 Bb8 33. Qa5 Qxa5 34.
Rxa5 Be4 35. Ra8 Bc7 36. Ra6 Rc8 37. b4 Kf8 38. Ra7 Ke8 39. Be2 Bb8 40. Rb7 Bc7
41. Bh5 g6 42. Be2 h5 43. f3 Bd5 44. Kf2 Bd8 45. Ra7 Bf6 46. Bd3 e5 47. dxe5
Bxe5 48. Bd2 Kf8 49. g4 Bf6 50. Kg3 Rd8 51. gxh5 gxh5 52. Bh6+ Kg8 53. Bg5 Bxg5
54. hxg5 h4+ 55. Kxh4 Bxf3 56. Bh7+ Kg7 57. Kg3 Kxh7 1/2-1/2

[Event "Bundesliga 9900"]
[Site "Deutschland"]
[Date "2000.04.08"]
[Round "14.2"]
[White "Sadler, Matthew"]
[Black "Socko, Bartosz"]
[Result "1-0"]
[WhiteElo "2626"]
[BlackElo "2543"]
[PlyCount "107"]
[EventDate "1999.10.09"]
[EventType "team"]
[EventRounds "15"]
[EventCountry "GER"]
[SourceTitle "Bundesliga 9900"]
[Source "DeepChess"]
[SourceDate "2005.01.01"]
[SourceVersion "1"]
[SourceVersionDate "2005.01.01"]
[SourceQuality "1"]
[WhiteTeam "SG 1868 Aljech. Solingen"]
[BlackTeam "Dresdner SC 1898"]
[WhiteTeamCountry "GER"]
[BlackTeamCountry "GER"]

1. d4 Nf6 2. c4 g6 3. Nc3 Bg7 4. e4 d6 5. h3 O-O 6. Nf3 e5 7. d5 a5 8. Bg5 Na6
9. Nd2 Nc5 10. Qf3 h6 11. Bh4 g5 12. Bg3 Nh7 13. Nb3 Nxb3 14. axb3 f5 15. exf5
Bxf5 16. Qe3 Nf6 17. Be2 b6 18. Bd3 e4 19. Be2 Nd7 20. O-O Nc5 21. Rad1 Qd7 22.
Bh5 Bxc3 23. Qxc3 Qg7 24. Qe3 Qxb2 25. f3 exf3 26. Rf2 Qxb3 27. Qd4 b5 28. Rxf3
Qxc4 29. Qb2 Qc2 30. Qd4 Nb3 31. Rxb3 Qxb3 32. Kh2 Qc4 33. Qb2 b4 34. Rc1 Qb5
35. Rxc7 Bd7 36. Be2 Qa4 37. Bg4 Rf7 38. Rxd7 Rxd7 39. Be6+ Kh7 40. Bf5+ Kg8
41. Be6+ Kh7 42. Qf6 Rg7 43. Bf5+ Kg8 44. Qe6+ Rf7 45. Qg6+ Rg7 46. Be6+ Kh8
47. Qxh6+ Rh7 48. Qf6+ Rg7 49. Qh6+ Rh7 50. Qf6+ Rg7 51. Bxd6 Qc2 52. Be5 Qh7
53. Bf5 Ra6 54. Qf8+ 1-0

[Event "Bundesliga 9900"]
[Site "Deutschland"]
[Date "2000.04.08"]
[Round "14.4"]
[White "Huebner, Robert"]
[Black "Borriss, Martin"]
[Result "1-0"]
[WhiteElo "2599"]
[BlackElo "2440"]
[PlyCount "99"]
[EventDate "1999.10.09"]
[EventType "team"]
[EventRounds "15"]
[EventCountry "GER"]
[SourceTitle "Bundesliga 9900"]
[Source "DeepChess"]
[SourceDate "2005.01.01"]
[SourceVersion "1"]
[SourceVersionDate "2005.01.01"]
[SourceQuality "1"]
[WhiteTeam "SG 1868 Aljech. Solingen"]
[BlackTeam "Dresdner SC 1898"]
[WhiteTeamCountry "GER"]
[BlackTeamCountry "GER"]

1. e4 c5 2. Nf3 d6 3. d4 cxd4 4. Nxd4 Nf6 5. Nc3 Nc6 6. Bg5 e6 7. Qd2 a6 8.
O-O-O h6 9. Bf4 Bd7 10. Nxc6 Bxc6 11. Qe1 Qa5 12. f3 Rd8 13. Kb1 Be7 14. Bd3 b5
15. a3 e5 16. Bd2 Qb6 17. Nd5 Qb7 18. Ba5 Rc8 19. Nxe7 Qxe7 20. Qb4 Nd7 21. Rd2
Nc5 22. Rhd1 Bd7 23. Bf1 Rc6 24. c4 O-O 25. cxb5 axb5 26. Bxb5 Rb8 27. Bxc6
Rxb4 28. Bxb4 Bxc6 29. Rxd6 Qb7 30. Bxc5 Ba4 31. Rc1 Qb5 32. Bb4 Bb3 33. Re1
Be6 34. Kc2 g5 35. Kd2 h5 36. Ke3 Qa4 37. Kf2 Qa7+ 38. Re3 Kg7 39. Rc6 Qd7 40.
Rc2 Qd1 41. Rc5 Qd4 42. Rcc3 Bc4 43. Rc2 Ba6 44. Rd2 Qb6 45. Rd6 Qb5 46. Re1 g4
47. Kg3 Bc8 48. h4 Be6 49. Bc3 Qc5 50. f4 1-0

[Event "Bundesliga 9900"]
[Site "Deutschland"]
[Date "2000.04.08"]
[Round "14.6"]
[White "Lobron, Eric"]
[Black "Lanka, Zigurds"]
[Result "1-0"]
[WhiteElo "2540"]
[BlackElo "2504"]
[PlyCount "103"]
[EventDate "1999.10.09"]
[EventType "team"]
[EventRounds "15"]
[EventCountry "GER"]
[SourceTitle "Bundesliga 9900"]
[Source "DeepChess"]
[SourceDate "2005.01.01"]
[SourceVersion "1"]
[SourceVersionDate "2005.01.01"]
[SourceQuality "1"]
[WhiteTeam "SG 1868 Aljech. Solingen"]
[BlackTeam "Dresdner SC 1898"]
[WhiteTeamCountry "GER"]
[BlackTeamCountry "GER"]

1. c4 Nf6 2. Nc3 g6 3. e4 d6 4. d4 Bg7 5. Bd3 O-O 6. Nge2 a6 7. a4 e5 8. d5 a5
9. O-O Na6 10. h3 Kh8 11. Bg5 c6 12. b3 Bd7 13. Qd2 Nc5 14. Bc2 cxd5 15. exd5
Qb6 16. Rab1 Ng8 17. Be3 Rae8 18. Nb5 Bxb5 19. cxb5 Nf6 20. Rfd1 Nfd7 21. b4
axb4 22. Qxb4 f5 23. a5 Qd8 24. f3 Qe7 25. Nc3 Rc8 26. Na4 Bf6 27. Nxc5 Nxc5
28. Qd2 Kg8 29. Rdc1 e4 30. f4 Qg7 31. Bd1 g5 32. fxg5 Be5 33. a6 bxa6 34. Bxc5
dxc5 35. bxa6 c4 36. Rb7 Bd4+ 37. Kh1 Qe5 38. g6 Qf6 39. Qa2 Qh4 40. Ba4 Qf4
41. Rd1 Be5 42. g3 Qxg3 43. Qg2 Qxg2+ 44. Kxg2 hxg6 45. d6 f4 46. d7 Rcd8 47.
Bc2 f3+ 48. Kf2 e3+ 49. Kxe3 f2 50. Ke2 Kg7 51. a7 Bg3 52. a8=Q 1-0

[Event "Bundesliga 9900"]
[Site "Deutschland"]
[Date "2000.04.08"]
[Round "14.7"]
[White "Uhlmann, Wolfgang"]
[Black "Naumann, Alexander"]
[Result "1/2-1/2"]
[WhiteElo "2461"]
[BlackElo "2478"]
[PlyCount "85"]
[EventDate "1999.10.09"]
[EventType "team"]
[EventRounds "15"]
[EventCountry "GER"]
[SourceTitle "Bundesliga 9900"]
[Source "DeepChess"]
[SourceDate "2005.01.01"]
[SourceVersion "1"]
[SourceVersionDate "2005.01.01"]
[SourceQuality "1"]
[WhiteTeam "Dresdner SC 1898"]
[BlackTeam "SG 1868 Aljech. Solingen"]
[WhiteTeamCountry "GER"]
[BlackTeamCountry "GER"]

1. c4 Nf6 2. Nc3 d5 3. cxd5 Nxd5 4. g3 g6 5. Bg2 Nb6 6. b3 Bg7 7. Bb2 O-O 8.
Nf3 a5 9. O-O a4 10. Nxa4 Nxa4 11. Bxg7 Kxg7 12. bxa4 Nd7 13. Rb1 Nb6 14. Rb4
Bd7 15. Ne5 Rxa4 16. Nxd7 Rxb4 17. Qa1+ f6 18. Nxf8 Kxf8 19. d3 c6 20. Qc3 Qd6
21. a3 Rb5 22. Ra1 Na4 23. Qc4 Nb6 24. Qc1 Qd4 25. e3 Qb2 26. Qxb2 Rxb2 27. a4
Nd7 28. d4 e5 29. a5 Ke7 30. h4 Nb8 31. dxe5 fxe5 32. Ra4 Na6 33. h5 Kf6 34.
Rc4 Nc7 35. f4 Rb5 36. a6 Nxa6 37. Bxc6 Rc5 38. fxe5+ Kg5 39. Rxc5 Nxc5 40.
hxg6 Kxg6 41. Bd5 Kf5 42. e6 Kf6 43. e4 1/2-1/2

[Event "Bundesliga 9900"]
[Site "Deutschland"]
[Date "2000.04.08"]
[Round "14.8"]
[White "Chandler, Murray G"]
[Black "Heinatz, Thomas"]
[Result "1-0"]
[WhiteElo "2505"]
[BlackElo "2349"]
[PlyCount "137"]
[EventDate "1999.10.09"]
[EventType "team"]
[EventRounds "15"]
[EventCountry "GER"]
[SourceTitle "Bundesliga 9900"]
[Source "DeepChess"]
[SourceDate "2005.01.01"]
[SourceVersion "1"]
[SourceVersionDate "2005.01.01"]
[SourceQuality "1"]
[WhiteTeam "SG 1868 Aljech. Solingen"]
[BlackTeam "Dresdner SC 1898"]
[WhiteTeamCountry "GER"]
[BlackTeamCountry "GER"]

1. e4 c5 2. Nf3 g6 3. d4 Bg7 4. dxc5 Qa5+ 5. Nc3 Nf6 6. Bd3 Nc6 7. O-O Qxc5 8.
Be3 Qa5 9. Nd2 d6 10. Nc4 Qd8 11. Bg5 Be6 12. Qd2 Rc8 13. Bh6 O-O 14. Bxg7 Kxg7
15. Rfe1 Nb4 16. Ne3 Nxd3 17. cxd3 Qb6 18. d4 Rfd8 19. h3 d5 20. e5 Ne4 21.
Nxe4 dxe4 22. d5 f5 23. exf6+ exf6 24. Rac1 Bf7 25. b3 f5 26. Rxc8 Rxc8 27. d6
Be6 28. Qb2+ Kf7 29. Qe5 Qc5 30. Qf4 Kg7 31. Rd1 Rd8 32. Qg5 Rd7 33. Ng4 Qc3
34. Rc1 Qxc1+ 35. Qxc1 fxg4 36. Qf4 gxh3 37. Qxe4 Kf7 38. Qf4+ Kg7 39. gxh3 a6
40. h4 h5 41. Kh2 Bf5 42. Qe5+ Kh7 43. Kg3 Rf7 44. Kf4 Kg8 45. Ke3 Kh7 46. Kd4
Kg8 47. Qe8+ Kg7 48. Kc5 Rd7 49. Qe5+ Kg8 50. Kb6 Kf7 51. f4 Bg4 52. b4 Bf5 53.
a4 Bg4 54. b5 axb5 55. Kxb5 Bf5 56. Kb6 Bg4 57. a5 Bf5 58. Qd5+ Kf6 59. Qxb7
Rxd6+ 60. Kc5 Re6 61. Qb2+ Kf7 62. a6 Be4 63. a7 Re8 64. Qb3+ Kg7 65. Qb5 Rf8
66. Qd7+ Kh6 67. Qe7 Rc8+ 68. Kd4 Ba8 69. f5 1-0

[Event "Bundesliga 9900"]
[Site "Deutschland"]
[Date "2000.04.08"]
[Round "14.1"]
[White "Dautov, Rustem"]
[Black "Movsesian, Sergei"]
[Result "1/2-1/2"]
[WhiteElo "2597"]
[BlackElo "2659"]
[PlyCount "67"]
[EventDate "1999.10.09"]
[EventType "team"]
[EventRounds "15"]
[EventCountry "GER"]
[SourceTitle "Bundesliga 9900"]
[Source "DeepChess"]
[SourceDate "2005.01.01"]
[SourceVersion "1"]
[SourceVersionDate "2005.01.01"]
[SourceQuality "1"]
[WhiteTeam "Godesberger SK 1929"]
[BlackTeam "SF Neukoelln 03 e.V."]
[WhiteTeamCountry "GER"]
[BlackTeamCountry "GER"]

1. d4 Nf6 2. c4 c6 3. Nc3 d5 4. e3 a6 5. Qc2 Bg4 6. h3 Bh5 7. Nge2 Bg6 8. Qb3
b5 9. cxd5 cxd5 10. Nf4 e6 11. Bd2 Bd6 12. Nxg6 hxg6 13. Rc1 O-O 14. Bd3 Nbd7
15. Ne2 Qb8 16. Bb4 Nb6 17. Qa3 Bxb4+ 18. Qxb4 Nc4 19. b3 a5 20. Qc3 b4 21. Qc2
Nd6 22. Qc7 Qxc7 23. Rxc7 Rfc8 24. Rxc8+ Rxc8 25. f3 Nd7 26. Kd2 Kf8 27. Ra1
Nb6 28. Ke1 Ra8 29. Rc1 Ke7 30. Rc7+ Nd7 31. e4 dxe4 32. fxe4 Kd8 33. Rc6 Nc8
34. e5 1/2-1/2

[Event "Bundesliga 9900"]
[Site "Deutschland"]
[Date "2000.04.08"]
[Round "14.2"]
[White "Bunzmann, Dimitrij"]
[Black "Gurevich, Mikhail"]
[Result "1/2-1/2"]
[WhiteElo "2596"]
[BlackElo "2643"]
[PlyCount "102"]
[EventDate "1999.10.09"]
[EventType "team"]
[EventRounds "15"]
[EventCountry "GER"]
[SourceTitle "Bundesliga 9900"]
[Source "DeepChess"]
[SourceDate "2005.01.01"]
[SourceVersion "1"]
[SourceVersionDate "2005.01.01"]
[SourceQuality "1"]
[WhiteTeam "SF Neukoelln 03 e.V."]
[BlackTeam "Godesberger SK 1929"]
[WhiteTeamCountry "GER"]
[BlackTeamCountry "GER"]

1. d4 f5 2. c4 Nf6 3. Nc3 d6 4. Bg5 Nbd7 5. h4 e5 6. e4 fxe4 7. Bxf6 Nxf6 8.
dxe5 dxe5 9. Qxd8+ Kxd8 10. O-O-O+ Bd7 11. g4 h6 12. Bh3 g5 13. Bg2 Bg7 14.
hxg5 hxg5 15. Rxh8+ Bxh8 16. Bxe4 Nxe4 17. Nxe4 Ke7 18. f3 Rf8 19. Rd3 Bc6 20.
Ne2 Bxe4 21. fxe4 Rf1+ 22. Rd1 Rf3 23. Kd2 Bf6 24. Rg1 Ke6 25. Rg3 Rf1 26. Rg1
Rf3 27. Rg3 Rf2 28. Ke3 Rh2 29. Kf3 Be7 30. Rg2 Rxg2 31. Kxg2 Kd6 32. Kf3 Kc5
33. b3 Kb4 34. Ke3 Ka3 35. Kd3 Kxa2 36. Kc2 c6 37. Nc1+ Ka3 38. Nd3 Bd6 39. Ne1
Be7 40. Nd3 Bd6 41. Ne1 Be7 42. Nd3 Bf6 43. Kc3 b5 44. Nb4 a5 45. Nxc6 b4+ 46.
Kc2 a4 47. bxa4 b3+ 48. Kb1 Kxa4 49. Kb2 Bh8 50. Kc1 Bg7 51. Kb1 Bf6 1/2-1/2

[Event "Bundesliga 9900"]
[Site "Deutschland"]
[Date "2000.04.08"]
[Round "14.3"]
[White "Kengis, Edvins"]
[Black "Stohl, Igor"]
[Result "1/2-1/2"]
[WhiteElo "2573"]
[BlackElo "2600"]
[PlyCount "32"]
[EventDate "1999.10.09"]
[EventType "team"]
[EventRounds "15"]
[EventCountry "GER"]
[SourceTitle "Bundesliga 9900"]
[Source "DeepChess"]
[SourceDate "2005.01.01"]
[SourceVersion "1"]
[SourceVersionDate "2005.01.01"]
[SourceQuality "1"]
[WhiteTeam "Godesberger SK 1929"]
[BlackTeam "SF Neukoelln 03 e.V."]
[WhiteTeamCountry "GER"]
[BlackTeamCountry "GER"]

1. b3 c5 2. Bb2 Nc6 3. e3 Nf6 4. Nf3 d6 5. d4 Bf5 6. d5 Nb4 7. Bb5+ Nd7 8. O-O
Bxc2 9. Qd2 Be4 10. Ng5 Bxd5 11. Bxd7+ Qxd7 12. a3 h6 13. axb4 Bxg2 14. Kxg2
hxg5 15. f3 cxb4 16. Rf2 g4 1/2-1/2